何はん? - Statistics

General Stats
  • This quiz has been taken 213 times
  • The average score is 3 of 15
Answer Stats
Hint Answer % Correct
モンゴル帝国を建国した人(・やーは不要とする) チンギスハン
98%
液体や粉状、粒状の物質などをかき混ぜて、味を調えたり、温度を均一にしたりする行為 攪拌
55%
徳川一門の藩 親藩
35%
山や岩壁をよじ登ること 登攀
31%
磐越西線の臨時駅 猪苗代湖畔
29%
板垣征四郎、永野修身、大川周明、広田弘毅、松岡洋右をはじめとした28名 A級戦犯
22%
日本の小説家で代表作は『五重塔』『運命』など 幸田露伴
21%
カントの三部作の1つで人間理性の抱える諸問題についての古典的名著 純粋理性批判
12%
かつて中央ヨーロッパに存在した多民族国家の略称 オーハン
8%
武蔵徳丸ヶ原で西洋式の砲術演習をした長崎の町年寄 高島秋帆
3%
カナダ出身の英文学者、文明批評家でメディア研究と呼ばれる分野において重要位置を占める存在のうちの一人(・不要) マーシャルマクルーハン
2%
畑状態の田に種子を播き、苗立ちした後に水を入れる農法 乾田直播
0%
荘園で領主と作人とが収穫を折半したこと 作半
0%
マリアナ諸島、サイパン島北東岸の島。マドック岬の南の入り江にある石灰岩の小さな無人島。 イスレタマイゴファハン
0%
警察官が拳銃を使用する際の具体的な判断基準を示す規範 警察官等拳銃使用及び取扱い規範
0%
No matching quizzes found
Score Distribution
Percent of People with Each Score
Percentile by Number Answered
Your Score History
You have not taken this quiz